Obálka Náhled e-knihy:
Epub
Pro půjčování e-knih musíte být přihlášeni.
Jak si půjčit online?

Tereza /

Vyprávění o šestnáctileté Tereze a jejím osmnáctiletém příteli Nikovi prokládané informacemi o společenském chování v nejrůznějších situacích.

Uloženo v:
Hlavní autor: Špaček, Ladislav, 1949- (Autor)
Další autoři: Knechtlová, Ivona (Autor)
Médium: E-kniha
Jazyk:Czech
Vydáno: Praha : Euromedia Group, 2021
Vydání:Druhé, revidované a doplněné vydání
Edice:Yoli
Témata:
On-line přístup:Plný text - pro registrované uživatele NK ČR
Tagy:
Žádné tagy
LEADER 03359nam a2200601 i 4500
001 311305
003 CZ PrSKC
005 20260601215703.0
007 ta
008 210204s2021 xr a c f 000 m cze
015 |a cnb003305706 
020 |a 9788024272924  |q (vázáno) :  |c Kč 259,00 
035 |a (OCoLC)1260124566 
040 |a BOA001  |b cze  |e rda 
072 7 |a 395  |x Společenské chování. Etiketa  |2 Konspekt 
072 7 |a 0/9-053.2  |x Literatura pro děti a mládež (naučná)  |2 Konspekt 
080 |a 316.346.2-055.25  |2 MRF 
080 |a 316.472.4  |2 MRF 
080 |a 395  |2 MRF 
080 |a (035)  |2 MRF 
080 |a (0:82-32)  |2 MRF 
080 |a (0.053.6)  |2 MRF 
100 1 |a Špaček, Ladislav,  |d 1949-  |7 jn20000402870  |4 aut 
245 1 0 |a Tereza /  |c Ladislav Špaček ; ilustrace Ivona Knechtlová 
250 |a Druhé, revidované a doplněné vydání 
264 1 |a Praha :  |b Euromedia Group,  |c 2021 
300 |a 196 stran :  |b ilustrace (převážně barevné) ;  |c 21 cm 
336 |a text  |b txt  |2 rdacontent 
337 |a bez média  |b n  |2 rdamedia 
338 |a svazek  |b nc  |2 rdacarrier 
490 1 |a Yoli 
500 |a Obálkový podnázev: příběh s prvky etikety 
520 2 |a Vyprávění o šestnáctileté Tereze a jejím osmnáctiletém příteli Nikovi prokládané informacemi o společenském chování v nejrůznějších situacích.  |b Tereza chodí na gymnázium, hraje volejbal, má kamarádky nejen ve škole, ale hlavně na facebooku. Tam se také seznámí s Tomášem - Nikem. Po nějaké době se začnou scházet a vzniká mezi nimi pěkný vztah. Nik je starší, umí se dobře chovat v každé situaci. Velmi dobře zvládne také návštěvu u Terezčiných rodičů. Společně chodí do kina, do restaurace, organizují oslavu narozenin, účastní svatby kamaráda, letí na společnou dovolenou. Postupně se tak vzájemně učí pravidlům společenského chování, oblékání pro různé příležitosti a pod. A když se vyskytne nějaká nesnáze, jsou tu holky na chatu, aby poradily. Na závěr každé kapitoly je připojen přehled důležitých poznámek. 
650 0 7 |a dívky  |7 ph119743  |2 czenas 
650 0 7 |a interpersonální vztahy  |7 ph114786  |2 czenas 
650 0 7 |a etiketa  |7 ph125923  |2 czenas 
650 0 9 |a girls  |2 eczenas 
650 0 9 |a interpersonal relations  |2 eczenas 
650 0 9 |a etiquette  |2 eczenas 
655 7 |a příručky  |7 fd133209  |2 czenas 
655 7 |a příběhy  |7 fd133204  |2 czenas 
655 7 |a publikace pro mládež  |7 fd133157  |2 czenas 
655 9 |a handbooks and manuals  |2 eczenas 
655 9 |a stories  |2 eczenas 
655 9 |a juvenile literature  |2 eczenas 
700 1 |a Knechtlová, Ivona  |7 xx0219266  |4 ill 
830 0 |a Yoli 
856 4 1 |u https://www.bookport.cz/AccountSaml/SignIn/?idp=https%3A%2F%2Fshibboleth.nkp.cz%2Fidp%2Fshibboleth&returnUrl=/kniha/tereza-pribeh-s-prvky-etikety-13588/  |y Plný text - pro registrované uživatele NK ČR  |4 N 
900 |a ABA001  |b 19 
044 |a xr 
910 |a RBIT002 
998 |d 315328  |a https://core.palmknihy.cz/api/books/315328/cover?swei1q  |b https://core.palmknihy.cz/api/books/315328/cover/400?swei1q  |c https://core.palmknihy.cz/api/books/315328/cover/50?swei1q  |e 2027-11-12  |g 200  |i 9788024272924  |j https://core.palmknihy.cz/api/books/315328/preview.epub  |l   |q 49  |r 1  |s https://www.palmknihy.cz/kniha/315328  |t ebook  |y 2021  |z 0 
999 |d 311303